| 000 | 00736nam a22002297a 4500 | ||
|---|---|---|---|
| 999 |
_c14550 _d14550 |
||
| 003 | AR-CdUCM | ||
| 008 | 190423b ||||| |||| 00| 0 spa d | ||
| 020 | _a978-84-675-1676-0 | ||
| 040 |
_aMUNICIPALIDAD PROVINCIAL DEL CUSCO _cBIBLIOTECA MUNICIPAL DEL CUSCO |
||
| 082 |
_23ed. _aPI / 376.1 / _bM83 |
||
| 100 |
_aMoroney, Trace _933288 |
||
| 245 | _aCuando estoy triste / | ||
| 260 |
_aMadrid : _bEdiciones SM, _c2013. |
||
| 300 |
_a18 paginas ; _bIlustraciones _c21 cm. |
||
| 500 | _aTitulo original :When i´m feeling sad | ||
| 650 |
_aCuentos _9217 |
||
| 650 |
_aCuento para niños _933323 |
||
| 650 |
_aTristeza _933360 |
||
| 700 |
_aTellechea, Teresa (Traducción) _933324 |
||
| 942 |
_2ddc _cLIBROS |
||
| 945 |
_awnts _d2019-04-23 |
||